| 000 | 00000nam 2200000za 4500 |
| 001 | 9.846734 |
| 003 | CaOODSP |
| 005 | 20221107153256 |
| 007 | cr ||||||||||| |
| 008 | 171107s1987 onc |o f|0| 0 eng d |
| 040 | |aCaOODSP|beng |
| 043 | |an-cn--- |
| 086 | 1 |aCS11-0019/5E-PDF |
| 100 | 1 |aPicot, W. G. |
| 245 | 10|aJob loss and labour market adjustment in the Canadian economy |h[electronic resource] / |cby Garnett Picot and Ted Wannell. |
| 260 | |a[Ottawa] : |bStatistics Canada, |c1987. |
| 300 | |a43, 2 p. |
| 490 | 0 |aResearch paper series ; |vno. 5 |
| 500 | |aIssued also in French under title: Perte d'un emploi et adaptation au marché du travail dans l'économie canadienne. |
| 500 | |aDigitized edition from print [produced by Statistics Canada]. |
| 504 | |aIncludes bibliographic references. |
| 520 | |a"This paper assesses the labour market adjustment experience of Canadian workers who were permanently laid off between 1981 and 1984. Such lay-offs could be due to structural or cyclical causes. Data from a special survey are used to answer a nuber of questions."--Abstract. |
| 692 | 07|2gccst|aTermination of employment |
| 692 | 07|2gccst|aUnemployment |
| 692 | 07|2gccst|aLabour market |
| 700 | 1 |aWannell, Ted. |
| 710 | 2 |aStatistics Canada. |bAnalytical Studies Branch. |
| 775 | 08|tPerte d'un emploi et adaptation au marché du travail dans l'économie canadienne |w(CaOODSP)9.846737 |
| 830 | #0|aResearch paper series (Statistics Canada. Analytical Studies Branch)|vno. 5|w(CaOODSP)9.504421 |
| 856 | 40|qPDF|s13.48 MB|uhttps://publications.gc.ca/collections/collection_2017/statcan/11f0019m/CS11-0019-5-eng.pdf |